[Event "Buenos Aires Bolivar op 4th"]
[Site "Buenos Aires"]
[Date "2011.06.23"]
[Round "9"]
[White "Torella, Rodolfo"]
[Black "Sirbu, Adrian George"]
[Result "1-0"]
[WhiteElo "1984"]
[BlackElo "2175"]
[PlyCount "85"]
[EventDate "2011.06.13"]
[EventType "swiss"]
[EventRounds "9"]
[EventCountry "ARG"]
[SourceTitle "EXT 2014"]
[Source "ChessBase"]
[SourceDate "2013.11.20"]
[SourceVersion "1"]
[SourceVersionDate "2013.11.20"]
[SourceQuality "1"]

1. e4 c5 2. Nf3 d6 3. d4 cxd4 4. Nxd4 Nf6 5. Nc3 g6 6. Be3 Bg7 7. f3 0-0 8. Bc4 Nc6 9. Bb3 Bd7 10. Qd2 Rc8 11. 0-0-0 Ne5 12. Kb1 Nc4 13. Bxc4 Rxc4 14. g4 b5 15. b3 Rc8 16. Ndxb5 a6 17. Nd4 Re8 18. g5 Nh5 19. Nde2 Be6 20. Nd5 Bxd5 21. Qxd5 Qc7 22. Qd2 a5 23. Bd4 Bxd4 24. Nxd4 a4 25. Nb5 Qc5 26. c4 axb3 27. axb3 Ra8 28. Qd4 Qc6 29. Kb2 Nf4 30. h4 Ra5 31. Qd2 Rea8 32. Qxf4 Ra2+ 33. Kc3 Rb8 34. Rd5 Qb6 35. Rd2 e5 36. Qf6 Qe3+ 37. Rd3 Qf2 38. Qxd6 Qb2+ 39. Kb4 Rba8 40. Rhd1 R2a4+ 41. Kc5 Qf2+ 42. Kd5 R4a6 43. Qc7 1-0

[Event "Buenos Aires Bolivar op 4th"]
[Site "Buenos Aires"]
[Date "2011.06.22"]
[Round "8"]
[White "Sirbu, Adrian George"]
[Black "Bitelmajer, Martin"]
[Result "0-1"]
[WhiteElo "2175"]
[BlackElo "2312"]
[PlyCount "128"]
[EventDate "2011.06.13"]
[EventType "swiss"]
[EventRounds "9"]
[EventCountry "ARG"]
[SourceTitle "EXT 2014"]
[Source "ChessBase"]
[SourceDate "2013.11.20"]
[SourceVersion "1"]
[SourceVersionDate "2013.11.20"]
[SourceQuality "1"]

1. e4 e5 2. Nf3 Nc6 3. Bc4 Bc5 4. c3 Nf6 5. d3 d6 6. 0-0 0-0 7. Re1 a6 8. Nbd2 Ba7 9. Bb3 Ng4 10. Re2 Kh8 11. h3 Nh6 12. Nf1 f5 13. Bxh6 gxh6 14. d4 fxe4 15. Rxe4 Bf5 16. Re3 Qf6 17. Ng3 Bg6 18. Bd5 exd4 19. Re6 Qg7 20. Bxc6 bxc6 21. cxd4 Rf4 22. Qe2 Bxd4 23. Nxd4 Qxd4 24. Rd1 Qg7 25. Re7 Rf7 26. Rxf7 Qxf7 27. b3 a5 28. Qd2 Qg7 29. Re1 c5 30. h4 h5 31. Qg5 h6 32. Qd5 Rg8 33. Qd2 a4 34. Re6 axb3 35. axb3 Re8 36. Rxe8+ Bxe8 37. Kh2 Qf6 38. Kg1 Bf7 39. Qe3 Kh7 40. Qe4+ Bg6 41. Qc6 Qe7 42. Nf1 Be4 43. Qb5 d5 44. Ng3 Bg6 45. Ne2 Bf5 46. Ng3 Bg6 47. Ne2 Qd6 48. g3 d4 49. Qc4 d3 50. Nc3 d2 51. Qe2 Bc2 52. Nd1 Bxb3 53. Qxh5 Bxd1 54. Qxd1 Qd3 55. Kh2 c4 56. Qh5 Qd7 57. Qd1 Qd4 58. Kg2 Qe4+ 59. Kh2 c3 60. Qb3 Qf3 61. Qc2+ Kg7 62. h5 Qxh5+ 63. Kg2 Qd5+ 64. Kh2 d1Q 0-1

[Event "Buenos Aires Bolivar op 4th"]
[Site "Buenos Aires"]
[Date "2011.06.15"]
[Round "3"]
[White "Lopez, Jose Luis"]
[Black "Sirbu, Adrian George"]
[Result "0-1"]
[WhiteElo "1797"]
[BlackElo "2175"]
[PlyCount "88"]
[EventDate "2011.06.13"]
[EventType "swiss"]
[EventRounds "9"]
[EventCountry "ARG"]
[SourceTitle "EXT 2014"]
[Source "ChessBase"]
[SourceDate "2013.11.20"]
[SourceVersion "1"]
[SourceVersionDate "2013.11.20"]
[SourceQuality "1"]

1. d4 Nf6 2. c4 g6 3. Nc3 d5 4. Nf3 Bg7 5. Qb3 dxc4 6. Qxc4 0-0 7. e4 Nfd7 8. Be3 Nb6 9. Qb3 Bg4 10. Rd1 Nc6 11. d5 Ne5 12. Be2 Bxf3 13. gxf3 Qc8 14. h4 h5 15. a4 c5 16. a5 Nbd7 17. Bg5 Re8 18. f4 c4 19. Qb4 f6 20. fxe5 fxg5 21. e6 Ne5 22. hxg5 b6 23. f4 Nd3+ 24. Bxd3 cxd3 25. axb6 axb6 26. Rxd3 Qa6 27. Rhh3 Bxc3+ 28. Rxc3 Qa1+ 29. Kf2 Qd1 30. Ra3 Qc2+ 31. Kf3 Qd1+ 32. Kf2 Qc1 33. Rxa8 Qxf4+ 34. Rf3 Qh2+ 35. Ke3 Qg1+ 36. Ke2 Qg2+ 37. Rf2 Qg4+ 38. Kd3 Rxa8 39. Qxe7 Qd1+ 40. Ke3 Qe1+ 41. Re2 Qc1+ 42. Kd3 Qd1+ 43. Ke3 Qc1+ 44. Kd3 Rf8 0-1

[Event "Buenos Aires Bolivar op 4th"]
[Site "Buenos Aires"]
[Date "2011.06.13"]
[Round "1"]
[White "Garavagno, Martin"]
[Black "Sirbu, Adrian George"]
[Result "1/2-1/2"]
[WhiteElo "1782"]
[BlackElo "2175"]
[PlyCount "62"]
[EventDate "2011.06.13"]
[EventType "swiss"]
[EventRounds "9"]
[EventCountry "ARG"]
[SourceTitle "EXT 2014"]
[Source "ChessBase"]
[SourceDate "2013.11.20"]
[SourceVersion "1"]
[SourceVersionDate "2013.11.20"]
[SourceQuality "1"]

1. e4 c5 2. Nf3 d6 3. d4 cxd4 4. Nxd4 Nf6 5. Nc3 g6 6. Be3 Bg7 7. f3 Nc6 8. Qd2 0-0 9. Bc4 Bd7 10. 0-0-0 Rc8 11. Bb3 Ne5 12. Bg5 a6 13. h4 Nc4 14. Bxc4 Rxc4 15. Nb3 Be6 16. e5 Ne8 17. h5 Bxe5 18. hxg6 fxg6 19. Rde1 Nc7 20. Rxe5 dxe5 21. Qe1 Rf5 22. Qg3 Qf8 23. Ne4 Bd5 24. Qh4 Rf7 25. Nbc5 Qe8 26. b3 Bxe4 27. bxc4 Bf5 28. g4 Bc8 29. Nd3 Qa4 30. Nxe5 Qa3+ 31. Kb1 Qb4+ 1/2-1/2

[Event "ROM-chT2"]
[Site "Sovata"]
[Date "1997.??.??"]
[Round "2"]
[White "Baciu, Stefan"]
[Black "Sirbu, Adrian George"]
[Result "0-1"]
[WhiteElo "2250"]
[BlackElo "2210"]
[PlyCount "112"]
[EventDate "1997.10.??"]
[EventType "team-tourn"]
[EventRounds "7"]
[EventCountry "ROU"]
[SourceTitle "EXT 2000"]
[Source "ChessBase"]
[SourceDate "1999.11.16"]
[SourceVersion "1"]
[SourceVersionDate "1999.11.16"]
[SourceQuality "1"]

1. d4 Nf6 2. c4 g6 3. Nc3 d5 4. Nf3 Bg7 5. e3 0-0 6. Be2 c5 7. h3 Nc6 8. 0-0 cxd4 9. exd4 Be6 10. cxd5 Nxd5 11. Re1 Rc8 12. Bg5 h6 13. Be3 Kh7 14. Bf1 Na5 15. Bd2 Nc4 16. Nxd5 Bxd5 17. Bc3 e6 18. Ne5 Nd6 19. Bd3 Qg5 20. Qg4 Qxg4 21. hxg4 Kg8 22. a3 Rfd8 23. Rac1 Nc4 24. Bb1 b6 25. Kh2 Rc7 26. f3 Rdc8 27. Nxc4 Bxc4 28. Rcd1 Rd8 29. Bc2 Rcd7 30. Ba4 Rd6 31. Kg3 Ba6 32. Bb3 Bxd4 33. Bxd4 Rxd4 34. Rxd4 Rxd4 35. Rd1 Rxd1 36. Bxd1 e5 37. Kf2 Kf8 38. Ke3 Ke7 39. Bc2 Bb7 40. Bd3 Ke6 41. Bc4+ Bd5 42. Ba6 Kf6 43. b4 Kg5 44. g3 f5 45. gxf5 gxf5 46. Bc8 f4+ 47. Kf2 fxg3+ 48. Kxg3 h5 49. Bh3 h4+ 50. Kf2 Kf4 51. Bg2 Be6 52. a4 h3 53. Bf1 h2 54. Bg2 Bd5 55. a5 e4 56. axb6 exf3 0-1